| Tag |
First Indicator |
Second Indicator |
Subfields |
| LEADER |
00000cam a2200000Ia 4500 |
| 001 |
in00001685605 |
| 005 |
20151024140424.0 |
| 008 |
020621s2002 pauab b 000 0 eng d |
| 035 |
|
|
|a (OCoLC)ocm50037164
|
| 040 |
|
|
|a UDI
|c UDI
|d TXA
|d UtOrBLW
|
| 049 |
|
|
|a TXAM
|
| 090 |
|
|
|a QL696.P289
|b T832 2002
|
| 090 |
|
|
|a QL681
|b .B625 no.631
|
| 100 |
1 |
|
|a Tweit, Robert C.
|q (Robert Christopher)
|
| 245 |
1 |
0 |
|a Dusky-capped flycatcher :
|b Myiarchus tuberculifer /
|c Robert C. Tweit and Joan C. Tweit.
|
| 264 |
|
1 |
|a Philadelphia, Pa. :
|b Birds of North America, Inc.,
|c 2002.
|
| 300 |
|
|
|a 20 pages :
|b illustrations, map ;
|c 28 cm.
|
| 336 |
|
|
|a text
|b txt
|2 rdacontent
|
| 337 |
|
|
|a unmediated
|b n
|2 rdamedia
|
| 338 |
|
|
|a volume
|b nc
|2 rdacarrier
|
| 490 |
1 |
|
|a Birds of North America ;
|v no. 631
|
| 500 |
|
|
|a Caption title.
|
| 500 |
|
|
|a "Order Passeriformes, family tyrannidae."
|
| 500 |
|
|
|a "Published ... with support from the American Ornithologists' Union, Cornell Laboratory of Ornithology, and the Academy of Natural Sciences"--Colophon.
|
| 504 |
|
|
|a Includes bibliographical references (pages 16-18).
|
| 650 |
|
0 |
|a Myiarchus.
|
| 650 |
|
0 |
|a Flycatchers.
|
| 700 |
1 |
|
|a Tweit, Joan C.
|
| 710 |
2 |
|
|a American Ornithologists' Union.
|
| 710 |
2 |
|
|a Cornell University.
|b Laboratory of Ornithology.
|
| 710 |
2 |
|
|a Academy of Natural Sciences of Philadelphia.
|
| 830 |
|
0 |
|a Birds of North America ;
|v no. 631.
|
| 994 |
|
|
|a E0
|b TXA
|
| 948 |
|
|
|a cataloged
|b h
|c 2002/7/11
|d c
|e mzajicek
|f 10:50:46 am
|
| 999 |
|
|
|a MARS
|
| 999 |
f |
f |
|s 2ac54c04-40b9-3f17-9ce2-540c8983dbfa
|i aba167dd-eeb0-3139-bbdb-c36b9686d704
|t 0
|
| 952 |
f |
f |
|p noncirc
|a Texas A&M University
|b College Station
|c Cushing Memorial Library & Archives
|d Cushing: Kincaid/North America (Remote Storage: 2-3 day retrieval)
|t 0
|e QL696.P289 T832 2002
|h Library of Congress classification
|i unmediated -- volume
|
| 952 |
f |
f |
|a Texas A&M University
|b College Station
|c Sterling C. Evans Library
|d Evans: Library Stacks
|t 0
|e QL681 .B625 no.631
|h Library of Congress classification
|
| 998 |
f |
f |
|a QL696.P289 T832 2002
|t 0
|l Cushing: Kincaid/North America (Remote Storage: 2-3 day retrieval)
|
| 998 |
f |
f |
|a QL681 .B625 no.631
|t 0
|l Evans: Library Stacks
|